Dallas Cowboys Super Bowl XXX Starters - Statistics

General Stats
  • This quiz has been taken 158 times
  • The average score is 12 of 25
Answer Stats
Hint Answer % Correct
RB Emmitt Smith
98%
QB Troy Aikman
97%
WR Michael Irvin
93%
CB Deion Sanders
69%
Coach Barry Switzer
68%
RG Larry Allen
68%
FB Daryl Johnston
63%
TE Jay Novacek
61%
RT Erik Williams
58%
WR Kevin Williams
58%
SS Darren Woodson
56%
DE Charles Haley
55%
LG Nate Newton
51%
CB Larry Brown
49%
DT Leon Lett
46%
DT Russell Maryland
41%
LB Robert Jones
34%
LT Mark Tuinei
28%
FS Brock Marion
17%
DE Tony Tolbert
17%
C Ray Donaldson
11%
K Chris Boniol
10%
LB Dixon Edwards
10%
P John Jett
7%
LB Godrey Myles
6%
No matching quizzes found
Score Distribution
Percent of People with Each Score
Percentile by Number Answered
Your Score History
You have not taken this quiz